Carmen sæculare for the year 1700 : to the King.

Bibliographic Details
Main Author: Prior, Matthew, 1664-1721
Format: Microform Book
Language:English
Series:Early English books, 1641-1700 ; 222:4.
Subjects:

MARC

Tag First Indicator Second Indicator Subfields
LEADER 00000cam a2200000 a 4500
001 in00000961821
005 20150926142011.0
007 hd afv|||baca
008 850807s1700 miu a 00000 eng d
035 |a (OCoLC)12360259 
035 |9 AEU5255AM 
037 |a CL0037000006  |b UMI 
037 |b University Microfilms International, 300 N. Zeeb Rd., Ann Arbor, MI 48106 
040 |a EAA  |c EAA  |d m/c  |d UtOrBLW 
043 |a e-uk-en 
049 |a TXAI 
099 |a film   |a  B   |a  3609 
100 1 |a Prior, Matthew,  |d 1664-1721. 
245 1 0 |a Carmen sæculare for the year 1700 :  |b to the King. 
264 3 |a London :  |b Printed for Jacob Tonson ...,  |c 1700. 
300 |a 4 unnumbered pages, 20 pages, 2 unnumbered pages 
336 |a text  |b txt  |2 rdacontent 
337 |a microform  |b h  |2 rdamedia 
338 |a microfilm reel  |b hd  |2 rdacarrier 
500 |a In verse. 
500 |a A celebration of the arrival of William III from Holland. Cf. Oxford Companion to English literature. 
500 |a Attributed to Matthew Prior. Cf. Wing. 
500 |a First edition Cf. BM. 
500 |a Advertisement ([2] pages) at end. 
500 |a Reproduction of original in Princeton University Library. 
510 4 |a Wing  |c P3507 
510 4 |a Wise, T.J. Ashley lib.  |c IV 71-72 
533 |a Microfilm.  |b Ann Arbor, Mich. :  |c University Microfilms,  |d 1966.  |e 1 microfilm reel ; 35 mm.  |f (Early English books, 1641-1700 ; 222:4) 
500 |a Microform. 
600 0 0 |a William  |b III,  |c King of England,  |d 1650-1702  |x Poetry. 
740 0 |a Carmen saeculare for the year 1700. 
830 0 |a Early English books, 1641-1700 ;  |v 222:4. 
999 |a MARS 
999 f f |s 2914949d-acb3-329d-bbeb-76dd1e0193b9  |i c3ff8595-66a3-385d-8028-e826a0908c21  |t 0 
952 f f |p default  |a Texas A&M University  |b College Station  |c Sterling C. Evans Library  |d Evans: Microforms (3rd floor)  |t 0  |e film B 3609 222:4  |h Other scheme  |i microform -- microfilm reel 
998 f f |a film B 3609 222:4  |t 0  |l Evans: Microforms (3rd floor)